The Greater Second World War/ (Record no. 215762)
[ view plain ]
| 000 -LEADER | |
|---|---|
| fixed length control field | 00617nam a22002057a 4500 |
| 005 - DATE AND TIME OF LATEST TRANSACTION | |
| control field | 20260521163749.0 |
| 010 ## - LCCN (DPL NO) | |
| LC control number | ENG-147968 |
| 020 ## - INTERNATIONAL STANDARD BOOK NUMBER | |
| Terms of availability | 2295.00 |
| International Standard Book Number | 9789395474023 |
| 035 ## - SYSTEM CONTROL NUMBER | |
| System control number | EN-131500 |
| 037 ## - SOURCE OF ACQUISITION | |
| Source of stock number/acquisition | DBAD |
| 082 ## - DEWEY DECIMAL CLASSIFICATION NUMBER | |
| Classification number | 954.0845 |
| Edition number | 1 |
| Item number | 1 |
| 245 ## - TITLE STATEMENT | |
| Title | The Greater Second World War/ |
| Statement of responsibility, etc | Edit By- Andrews N.Buchanan [and] Ruth Lawlor |
| 250 ## - EDITION STATEMENT | |
| Edition statement | 1 |
| 260 ## - PUBLICATION, DISTRIBUTION, ETC. (IMPRINT) | |
| Place of publication, distribution, etc | Darya Ganj |
| Name of publisher, distributor, etc | Sanctum Books |
| Date of publication, distribution, etc | 2025 |
| 270 ## - ADDRESS | |
| City | Delhi |
| Address | 68 Medical Association Road, |
| Postal code | 110002 |
| 300 ## - PHYSICAL DESCRIPTION | |
| Extent | 398pb. |
| Dimensions | 24cm |
| 700 ## - ADDED ENTRY--PERSONAL NAME | |
| 9 (RLIN) | 88667 |
| Personal name | Buchanan, Andrew N |
| Relator term | Editor |
| 700 ## - ADDED ENTRY--PERSONAL NAME | |
| Personal name | Lawlor, Ruth |
| Relator term | Editor |
| 9 (RLIN) | 89193 |
| 942 ## - ADDED ENTRY ELEMENTS (KOHA) | |
| Source of classification or shelving scheme | Dewey Decimal Classification |
| Item type | English Books |
| Call number suffix | GRE |
| Call number prefix | 954.0845 |
| Edition | 1 |
| Withdrawn status | Lost status | Not for loan | Collection code | Home library | Current library | Date acquired | Source of acquisition | Cost, normal purchase price | Full call number | Barcode | Copy number | Cost, replacement price | Koha item type |
|---|---|---|---|---|---|---|---|---|---|---|---|---|---|
| Not For Loan | Fiction | D.B.Act.Division | D.B.Act.Division | 24/03/2026 | DBAD | 2995.00 | 954.0845 GRE | EN-131500 | 1 | 2995.00 | English Books |
